[Event "CUB-ch 46th"]
[Site "Ciego de Avila"]
[Date "2010.01.20"]
[Round "8"]
[White "Hernandez Carmenates, Holden"]
[Black "Delgado Ramirez, Neuris"]
[Result "0-1"]
[WhiteElo "2573"]
[BlackElo "2574"]
[PlyCount "124"]
[EventDate "2010.01.13"]
[EventType "swiss"]
[EventRounds "9"]
[EventCountry "CUB"]
[SourceTitle "CBM 134 Extra"]
[Source "ChessBase"]
[SourceDate "2010.03.03"]
[SourceVersion "1"]
[SourceVersionDate "2010.03.03"]
[SourceQuality "1"]

1. e4 c5 2. Nf3 Nc6 3. d4 cxd4 4. Nxd4 Nf6 5. Nc3 d6 6. Bc4 e6 7. Be3 Bd7 8.
Bb3 Na5 9. Qe2 Rc8 10. f3 a6 11. O-O-O Be7 12. g4 O-O 13. h4 Rxc3 14. bxc3 Qc7
15. Kb1 d5 16. g5 Nh5 17. exd5 e5 18. Qh2 Ba3 19. Bc1 Bd6 20. Ne2 Nc4 21. Bb2
b5 22. Bxc4 bxc4 23. Ka1 Rb8 24. Rb1 Bf5 25. Nc1 Rb5 26. Qd2 Ra5 27. a3 Nf4 28.
Na2 Rxd5 29. Qh2 g6 30. Rhd1 Ra5 31. Bc1 Nd5 32. Qd2 Be6 33. Nb4 Qc5 34. Bb2
Be7 35. Bc1 Nc7 36. Na2 Nb5 37. Qe3 Qc7 38. Rb4 Bf5 39. Rd2 Bc5 40. Qe2 Nxa3
41. Bxa3 Rxa3 42. Rb2 Ra5 43. Qxc4 Be6 44. Qd3 Be7 45. Kb1 Ra4 46. c4 Rxc4 47.
Rd1 a5 48. Re1 Bf5 49. Qb3 Bd6 50. Ka1 Bxc2 51. Qb6 Qxb6 52. Rxb6 Bc5 53. Rb8+
Kg7 54. Kb2 Bd4+ 55. Kc1 Bf2 56. Rxe5 Bg3 57. Rbb5 Bxe5 58. Rxe5 Bb3+ 59. Kb2
Bxa2 60. h5 Ra4 61. h6+ Kf8 62. Rb5 Rb4+ 0-1

[Event "CUB-ch 46th"]
[Site "Ciego de Avila"]
[Date "2010.01.21"]
[Round "9"]
[White "Bacallao Alonso, Yusnel"]
[Black "Delgado Ramirez, Neuris"]
[Result "0-1"]
[WhiteElo "2467"]
[BlackElo "2574"]
[PlyCount "84"]
[EventDate "2010.01.13"]
[EventType "swiss"]
[EventRounds "9"]
[EventCountry "CUB"]
[SourceTitle "CBM 134 Extra"]
[Source "ChessBase"]
[SourceDate "2010.03.03"]
[SourceVersion "1"]
[SourceVersionDate "2010.03.03"]
[SourceQuality "1"]

1. Nf3 Nf6 2. g3 b5 3. Bg2 Bb7 4. O-O g6 5. d4 Bg7 6. Nbd2 O-O 7. c4 a6 8. a4
bxc4 9. Nxc4 Bd5 10. Ne3 Be4 11. Bd2 Nc6 12. Bc3 Rb8 13. Qd2 e6 14. Rfd1 Qc8
15. Bf1 Ne7 16. Rac1 Qb7 17. Ba5 Rfc8 18. Ne5 d6 19. Nd3 Bh6 20. f4 Bg7 21. Nf2
Bc6 22. Rc4 Ne4 23. Nxe4 Bxe4 24. Rb4 Qa7 25. Rxb8 Rxb8 26. Bc3 Bc6 27. Nc2
Bxa4 28. e3 Nd5 29. Re1 c5 30. Na3 Nxc3 31. bxc3 d5 32. Ra1 a5 33. Nc4 Bb5 34.
Nxa5 Bxf1 35. Kxf1 c4 36. Kg2 Rb5 37. Qa2 Qb6 38. Qa4 Bf8 39. Ra2 Rb2+ 40. Kh3
Rxa2 41. Qxa2 Qb5 42. e4 Bd6 0-1

[Event "Medellin Easter op"]
[Site "Medellin"]
[Date "2010.04.01"]
[Round "2"]
[White "Remicio Duque, John H"]
[Black "Delgado Ramirez, Neuris"]
[Result "0-1"]
[WhiteElo "2137"]
[BlackElo "2574"]
[PlyCount "108"]
[EventDate "2010.03.31"]
[EventType "swiss"]
[EventRounds "9"]
[EventCountry "COL"]
[SourceTitle "CBM 135 Extra"]
[Source "ChessBase"]
[SourceDate "2010.05.04"]
[SourceVersion "1"]
[SourceVersionDate "2010.05.04"]
[SourceQuality "1"]

1. d4 Nf6 2. Nf3 e6 3. Bf4 Nh5 4. Bd2 c5 5. e4 cxd4 6. Nxd4 Nf6 7. Nc3 d6 8.
Bd3 Nc6 9. Nxc6 bxc6 10. O-O Be7 11. Kh1 Rb8 12. b3 Nd7 13. f4 Nc5 14. Qe2 O-O
15. Rad1 d5 16. Na4 Nxa4 17. bxa4 c5 18. c4 d4 19. Rf3 e5 20. f5 Bg5 21. Rg3
Bxd2 22. Qxd2 Qf6 23. Qa5 Qe7 24. f6 Qxf6 25. Qxc5 Rb2 26. Rf1 Rf2 27. Rf3
Rxf1+ 28. Rxf1 Qg5 29. h3 a6 30. Qc7 Be6 31. c5 h5 32. c6 Qd2 33. Bxa6 Qxa2 34.
Qxe5 Qxa4 35. Bb7 d3 36. c7 d2 37. Qd6 Qc2 38. Qd8 Qc1 39. Ba6 h4 40. Be2 Qe1
41. Ba6 Qe3 42. Qd3 Qe1 43. Qe2 Qc1 44. Rd1 Qxc7 45. Rxd2 Qe5 46. Qe3 Ra8 47.
Be2 Ra4 48. Bf3 Qg3 49. Rd8+ Kh7 50. Qc1 Ra2 51. e5 g6 52. Rd2 Ra5 53. Rd8 Rxe5
54. Rd1 Bxh3 0-1

[Event "Medellin Easter op"]
[Site "Medellin"]
[Date "2010.04.01"]
[Round "3"]
[White "Delgado Ramirez, Neuris"]
[Black "Aponte Castillo, Jose Ernesto"]
[Result "1-0"]
[WhiteElo "2574"]
[BlackElo "2160"]
[PlyCount "35"]
[EventDate "2010.03.31"]
[EventType "swiss"]
[EventRounds "9"]
[EventCountry "COL"]
[SourceTitle "CBM 135 Extra"]
[Source "ChessBase"]
[SourceDate "2010.05.04"]
[SourceVersion "1"]
[SourceVersionDate "2010.05.04"]
[SourceQuality "1"]

1. e4 c5 2. Nf3 e6 3. d4 cxd4 4. Nxd4 a6 5. Nc3 Qc7 6. f4 Nc6 7. Nb3 b5 8. Bd3
Bb7 9. Qe2 d6 10. Bd2 Be7 11. O-O-O Nf6 12. Rhe1 Nd7 13. Nd5 exd5 14. exd5 Nce5
15. Ba5 Qc8 16. Bf5 O-O 17. fxe5 g6 18. Qg4 1-0

[Event "Medellin Easter op"]
[Site "Medellin"]
[Date "2010.04.02"]
[Round "4"]
[White "Guerrero, Juan Carlos"]
[Black "Delgado Ramirez, Neuris"]
[Result "0-1"]
[WhiteElo "2193"]
[BlackElo "2574"]
[PlyCount "48"]
[EventDate "2010.03.31"]
[EventType "swiss"]
[EventRounds "9"]
[EventCountry "COL"]
[SourceTitle "CBM 135 Extra"]
[Source "ChessBase"]
[SourceDate "2010.05.04"]
[SourceVersion "1"]
[SourceVersionDate "2010.05.04"]
[SourceQuality "1"]

1. e4 c5 2. Nf3 d6 3. d4 cxd4 4. Nxd4 Nf6 5. Nc3 a6 6. Be3 e5 7. Nb3 Be7 8. f3
O-O 9. Qd2 Be6 10. O-O-O a5 11. Bb5 Na6 12. Qf2 Qb8 13. Bb6 Nc7 14. a4 Rc8 15.
Kb1 Nxb5 16. Nxb5 Rc4 17. Rd2 Rxa4 18. Nc7 Rb4 19. Nxa5 Nd7 20. Nxa8 Qxa8 21.
Bc7 b6 22. c3 Rb5 23. Bxd6 Rxa5 24. Kc2 Bg5 0-1

[Event "Medellin Easter op"]
[Site "Medellin"]
[Date "2010.04.02"]
[Round "5"]
[White "Delgado Ramirez, Neuris"]
[Black "Macias Murillo, Bryan"]
[Result "1-0"]
[WhiteElo "2574"]
[BlackElo "2335"]
[PlyCount "73"]
[EventDate "2010.03.31"]
[EventType "swiss"]
[EventRounds "9"]
[EventCountry "COL"]
[SourceTitle "CBM 135 Extra"]
[Source "ChessBase"]
[SourceDate "2010.05.04"]
[SourceVersion "1"]
[SourceVersionDate "2010.05.04"]
[SourceQuality "1"]

1. e4 c5 2. Nf3 e6 3. Nc3 a6 4. g3 d6 5. Bg2 Nf6 6. O-O Be7 7. d3 O-O 8. Ng5
Nc6 9. f4 Qc7 10. Nh3 b5 11. Nf2 Bb7 12. g4 b4 13. Ne2 Nd4 14. Ng3 Rfe8 15. Bd2
d5 16. g5 Nd7 17. c3 Nb5 18. e5 a5 19. Rc1 Qb6 20. Nh5 Bf8 21. Ng4 a4 22. a3
bxa3 23. bxa3 Nxa3 24. Rf3 f5 25. exf6 g6 26. Ne5 Nxe5 27. fxe5 Kf7 28. Nf4 Qc7
29. Rh3 Kg8 30. Qg4 Qf7 31. Rf1 Kh8 32. Nxg6+ Qxg6 33. f7 Bg7 34. fxe8=Q+ Rxe8
35. Qxa4 Ra8 36. Qd7 Ba6 37. Ra1 1-0

[Event "Medellin Easter op"]
[Site "Medellin"]
[Date "2010.04.03"]
[Round "6"]
[White "Delgado Ramirez, Neuris"]
[Black "Echavarria, Johann"]
[Result "1-0"]
[WhiteElo "2574"]
[BlackElo "2379"]
[PlyCount "97"]
[EventDate "2010.03.31"]
[EventType "swiss"]
[EventRounds "9"]
[EventCountry "COL"]
[SourceTitle "CBM 135 Extra"]
[Source "ChessBase"]
[SourceDate "2010.05.04"]
[SourceVersion "1"]
[SourceVersionDate "2010.05.04"]
[SourceQuality "1"]

1. e4 c5 2. Nf3 e6 3. b3 Nf6 4. e5 Nd5 5. Bb2 Nc6 6. Bb5 Qc7 7. O-O d6 8. Na3
Bd7 9. exd6 Bxd6 10. Nc4 O-O-O 11. Nxd6+ Qxd6 12. d4 f6 13. Bc4 Nb6 14. Be2
cxd4 15. Nxd4 Nxd4 16. Qxd4 Qxd4 17. Bxd4 e5 18. Be3 Bf5 19. Rfe1 Kb8 20. c4
Bd3 21. Bf3 Nc8 22. Bc5 Kc7 23. Rad1 Bc2 24. Rc1 Bf5 25. Be3 Bd7 26. b4 Bc6 27.
Be2 Kb8 28. b5 Be4 29. f4 Bd3 30. fxe5 Bxe2 31. Rxe2 fxe5 32. Bf2 e4 33. Rxe4
Rd2 34. a4 Nd6 35. Rd4 Rxd4 36. Bxd4 Nf5 37. Be5+ Kc8 38. Rf1 Ne3 39. Rf7 Re8
40. Bg3 Re4 41. Rc7+ Kd8 42. Rxb7 Rxc4 43. Rxa7 Rc2 44. Bh4+ Kc8 45. Rxg7 Rc4
46. Bg5 Rg4 47. b6 Rxg2+ 48. Kh1 Rg4 49. Rc7+ 1-0

[Event "Medellin Easter op"]
[Site "Medellin"]
[Date "2010.04.03"]
[Round "7"]
[White "Escobar Medina, Andres F"]
[Black "Delgado Ramirez, Neuris"]
[Result "0-1"]
[WhiteElo "2087"]
[BlackElo "2574"]
[PlyCount "124"]
[EventDate "2010.03.31"]
[EventType "swiss"]
[EventRounds "9"]
[EventCountry "COL"]
[SourceTitle "CBM 135 Extra"]
[Source "ChessBase"]
[SourceDate "2010.05.04"]
[SourceVersion "1"]
[SourceVersionDate "2010.05.04"]
[SourceQuality "1"]

1. e4 c5 2. Nf3 Nc6 3. Bb5 e6 4. Bxc6 bxc6 5. b3 Ne7 6. Bb2 Ng6 7. O-O f6 8. d3
Be7 9. e5 O-O 10. Nbd2 Qc7 11. Re1 fxe5 12. Nxe5 Nh4 13. Nef3 Nxf3+ 14. Nxf3 d6
15. Qe2 e5 16. Nd2 Bh4 17. Rf1 Bf5 18. Ne4 Rae8 19. Ng3 Bc8 20. Rae1 Qd7 21.
Qh5 Bd8 22. Re4 Bc7 23. Ra4 Bb6 24. Re4 Re6 25. Bc1 Ref6 26. Be3 Qc7 27. c4 d5
28. Rxe5 Bg4 29. Qg5 h6 30. Qxg4 Qxe5 31. Nh5 R6f7 32. Bxh6 Rxf2 33. Rd1 Kh7
34. Qxg7+ Qxg7 35. Bxg7 R8f7 36. Be5 R2f5 37. Nf6+ R5xf6 38. Bxf6 Rxf6 39. Re1
Kg6 40. Re7 Kf5 41. Kf2 Kg4+ 42. Ke2 Ba5 43. Rg7+ Kf4 44. g3+ Ke5 45. Rxa7 Bc3
46. Re7+ Kd6 47. Re3 Rf8 48. g4 Ra8 49. a4 Rb8 50. h4 Rxb3 51. cxd5 cxd5 52. h5
Bd4 53. Re8 Kd7 54. Rg8 Rb2+ 55. Kd1 Rh2 56. Rg5 Kc7 57. Rxd5 Kb6 58. Rd8 Ka5
59. Rb8 Kxa4 60. Rb6 Rg2 61. Rg6 Kb3 62. Ke1 Kc3 0-1

[Event "Medellin Easter op"]
[Site "Medellin"]
[Date "2010.04.04"]
[Round "8"]
[White "Benitez Rodriguez, Carlos"]
[Black "Delgado Ramirez, Neuris"]
[Result "1/2-1/2"]
[WhiteElo "2066"]
[BlackElo "2574"]
[PlyCount "73"]
[EventDate "2010.03.31"]
[EventType "swiss"]
[EventRounds "9"]
[EventCountry "COL"]
[SourceTitle "CBM 135 Extra"]
[Source "ChessBase"]
[SourceDate "2010.05.04"]
[SourceVersion "1"]
[SourceVersionDate "2010.05.04"]
[SourceQuality "1"]

1. d4 Nf6 2. c4 e6 3. Nf3 b6 4. g3 Ba6 5. Qc2 c5 6. Bg2 Nc6 7. dxc5 Bxc5 8. a3
Be7 9. O-O O-O 10. Nbd2 Rc8 11. Qa4 Bb7 12. b4 a6 13. Bb2 Qc7 14. Rac1 d6 15.
Rfd1 Qb8 16. Ng5 Nd7 17. Nge4 Nce5 18. f4 Nc6 19. Qb3 b5 20. Qc3 e5 21. cxb5
axb5 22. Qd3 Nb6 23. Nc3 d5 24. Nxd5 Nxd5 25. Bxd5 exf4 26. Qf3 Ne5 27. Bxe5
Qxe5 28. Bxb7 Rxc1 29. Rxc1 Qd4+ 30. Kf1 Qxd2 31. Qxf4 Qb2 32. Rc7 Bf6 33. Bd5
Be5 34. Rxf7 Bxf4 35. Rxf4+ Rf7 36. Rxf7 g5 37. h3 1/2-1/2

[Event "Medellin Easter op"]
[Site "Medellin"]
[Date "2010.04.04"]
[Round "9"]
[White "Delgado Ramirez, Neuris"]
[Black "Guerra Tulcan, Lenin"]
[Result "1-0"]
[WhiteElo "2574"]
[BlackElo "2300"]
[PlyCount "85"]
[EventDate "2010.03.31"]
[EventType "swiss"]
[EventRounds "9"]
[EventCountry "COL"]
[SourceTitle "CBM 135 Extra"]
[Source "ChessBase"]
[SourceDate "2010.05.04"]
[SourceVersion "1"]
[SourceVersionDate "2010.05.04"]
[SourceQuality "1"]

1. c4 Nf6 2. g3 e6 3. Bg2 d5 4. Nf3 Be7 5. O-O O-O 6. Qc2 a6 7. cxd5 exd5 8. d4
Nc6 9. Bf4 h6 10. Nc3 Bd6 11. Bxd6 Qxd6 12. e3 Re8 13. a3 Be6 14. Rac1 Rac8 15.
Na4 Ne4 16. Nd2 Nxd2 17. Qxd2 b6 18. b4 Ne7 19. Rc3 Qd7 20. Nb2 Bh3 21. Bxh3
Qxh3 22. Rfc1 Ng6 23. Nd3 Re7 24. Ne1 Qd7 25. Qd3 b5 26. Qc2 Re6 27. Rxc7 Rxc7
28. Qxc7 Qxc7 29. Rxc7 Nf8 30. Nd3 Rf6 31. Rc8 g6 32. Nc5 Kg7 33. Rd8 Ne6 34.
Nxe6+ fxe6 35. Rd6 e5 36. dxe5 Rxd6 37. exd6 Kf6 38. d7 Ke7 39. d8=Q+ Kxd8 40.
Kf1 Kd7 41. Ke2 Ke6 42. Kd3 g5 43. f4 1-0

[Event "Asuncion Roggio Cup-A 3rd"]
[Site "Asuncion"]
[Date "2010.05.20"]
[Round "1"]
[White "Diaz Hollemaert, Nahuel Carlos"]
[Black "Delgado Ramirez, Neuris"]
[Result "1-0"]
[WhiteElo "2451"]
[BlackElo "2595"]
[PlyCount "47"]
[EventDate "2010.05.20"]
[EventType "tourn"]
[EventRounds "9"]
[EventCountry "PAR"]
[EventCategory "11"]
[SourceTitle "CBM 137"]
[Source "ChessBase"]
[SourceDate "2010.07.15"]
[SourceVersion "1"]
[SourceVersionDate "2010.07.15"]
[SourceQuality "1"]

1. Nf3 Nf6 2. c4 e6 3. g3 a6 4. Bg2 b5 5. b3 c5 6. Nc3 Qb6 7. e4 Nc6 8. e5 Ng4
9. O-O Rb8 10. Re1 Nh6 11. d4 cxd4 12. Ne4 Bb4 13. c5 Bxc5 14. Bxh6 gxh6 15.
Qc1 Be7 16. Qxh6 Nb4 17. Nfg5 Nc2 18. Qg7 Rf8 19. Nxh7 Nxe1 20. Rxe1 Qa5 21.
Nd6+ Kd8 22. Rd1 Qxa2 23. Nxf8 Qe2 24. Rc1 1-0

[Event "Asuncion Roggio Cup-A 3rd"]
[Site "Asuncion"]
[Date "2010.05.21"]
[Round "2"]
[White "Delgado Ramirez, Neuris"]
[Black "Morovic Fernandez, Ivan"]
[Result "1/2-1/2"]
[WhiteElo "2595"]
[BlackElo "2552"]
[PlyCount "104"]
[EventDate "2010.05.20"]
[EventType "tourn"]
[EventRounds "9"]
[EventCountry "PAR"]
[EventCategory "11"]
[SourceTitle "CBM 137"]
[Source "ChessBase"]
[SourceDate "2010.07.15"]
[SourceVersion "1"]
[SourceVersionDate "2010.07.15"]
[SourceQuality "1"]

1. e4 d6 2. d4 Nf6 3. Nc3 g6 4. h3 Bg7 5. Nge2 O-O 6. Be3 e5 7. g4 c6 8. Bg2 b5
9. dxe5 dxe5 10. Bc5 Qxd1+ 11. Rxd1 Re8 12. Nc1 Bh6 13. Nd3 Nbd7 14. Bd6 Re6
15. Nc5 Nxc5 16. Bxc5 Nd7 17. Bd6 a5 18. O-O b4 19. Na4 Ba6 20. Bc7 Bxf1 21.
Bxf1 Nf8 22. Bc4 Ree8 23. Nc5 Bg5 24. Rd3 Be7 25. Na4 Bd8 26. Bd6 Ra7 27. b3
Bc7 28. Nc5 Bxd6 29. Rxd6 Rc7 30. Na6 Rcc8 31. Nc5 Rc7 32. Na6 Rcc8 33. Nc5 Re7
34. Ba6 Rcc7 35. Rd8 Kg7 36. g5 Ne6 37. Nxe6+ Rxe6 38. Bc4 Ree7 39. Ra8 Ra7 40.
Rc8 Rec7 41. Re8 Re7 42. Rc8 Rad7 43. Bd3 Rc7 44. Ra8 Ra7 45. Rc8 Re6 46. Kf1
h6 47. h4 hxg5 48. hxg5 f6 49. Bc4 Rd6 50. Rg8+ Kh7 51. gxf6 Rxf6 52. Re8 a4
1/2-1/2

[Event "Asuncion Roggio Cup-A 3rd"]
[Site "Asuncion"]
[Date "2010.05.22"]
[Round "3"]
[White "Bachmann, Axel"]
[Black "Delgado Ramirez, Neuris"]
[Result "1-0"]
[WhiteElo "2563"]
[BlackElo "2595"]
[PlyCount "123"]
[EventDate "2010.05.20"]
[EventType "tourn"]
[EventRounds "9"]
[EventCountry "PAR"]
[EventCategory "11"]
[SourceTitle "CBM 137"]
[Source "ChessBase"]
[SourceDate "2010.07.15"]
[SourceVersion "1"]
[SourceVersionDate "2010.07.15"]
[SourceQuality "1"]

1. c4 e6 2. Nf3 Nf6 3. g3 d5 4. Bg2 dxc4 5. O-O Nbd7 6. Qa4 a6 7. Qxc4 b5 8.
Qc2 Bb7 9. b3 Be7 10. Bb2 O-O 11. d3 c5 12. Nbd2 Rc8 13. Rac1 Nd5 14. a3 N5b6
15. e4 Bf6 16. e5 Be7 17. Rfe1 Bd5 18. Ne4 Nb8 19. Nc3 Ba8 20. Qe2 Nc6 21. Ne4
Na5 22. Nfd2 Bd5 23. Qg4 Bxe4 24. Nxe4 Kh8 25. Nd6 Rb8 26. Rxc5 Nxb3 27. Rc2
Na4 28. Qb4 Nxb2 29. Qxb3 Bxd6 30. exd6 Na4 31. Rc6 Qd7 32. Qb4 Rfd8 33. Qd4 a5
34. Rb1 h6 35. h4 Kg8 36. Kh2 Kh8 37. Rbc1 b4 38. axb4 axb4 39. Rb1 e5 40. Qc4
Rb6 41. Qc2 Qa7 42. Rc7 Qa5 43. Rc8 Rbxd6 44. Rxd8+ Rxd8 45. Ra1 b3 46. Qxb3
Nc5 47. Rxa5 Nxb3 48. Rxe5 Kg8 49. Bd5 Nc1 50. Bc4 Nxd3 51. Re7 Nxf2 52. Rxf7
Ng4+ 53. Kh3 Ne5 54. Rd7+ Nxc4 55. Rxd8+ Kf7 56. g4 Ne5 57. Kg3 Kf6 58. Rd6+
Ke7 59. Ra6 Kf7 60. h5 Ke7 61. Kf4 Nf7 62. Kf5 1-0

[Event "Asuncion Roggio Cup-A 3rd"]
[Site "Asuncion"]
[Date "2010.05.24"]
[Round "4"]
[White "Rodriguez Vila, Andres"]
[Black "Delgado Ramirez, Neuris"]
[Result "1-0"]
[WhiteElo "2502"]
[BlackElo "2595"]
[PlyCount "123"]
[EventDate "2010.05.20"]
[EventType "tourn"]
[EventRounds "9"]
[EventCountry "PAR"]
[EventCategory "11"]
[SourceTitle "CBM 137"]
[Source "ChessBase"]
[SourceDate "2010.07.15"]
[SourceVersion "1"]
[SourceVersionDate "2010.07.15"]
[SourceQuality "1"]

1. f4 d6 2. Nf3 c5 3. g3 Nc6 4. Bg2 g6 5. e4 Bg7 6. O-O Nf6 7. d3 O-O 8. h3 Ne8
9. c3 e6 10. Be3 b6 11. d4 Nf6 12. Nbd2 Ba6 13. Re1 Rc8 14. a3 Na5 15. Bf2 cxd4
16. cxd4 Qd7 17. e5 Ne8 18. Rc1 Rxc1 19. Qxc1 d5 20. g4 Nc7 21. h4 Rc8 22. Qb1
Nc4 23. Nxc4 dxc4 24. f5 Nd5 25. Bg3 c3 26. fxg6 hxg6 27. h5 gxh5 28. gxh5 Bh6
29. bxc3 Rxc3 30. Qe4 Bd3 31. Qg4+ Kf8 32. Nh4 Ne3 33. Qf3 Nxg2 34. Nxg2 Qxd4+
35. Bf2 Qd5 36. Qf6 Bg7 37. Qg5 Rc8 38. Bh4 Be4 39. Nf4 Qc5+ 40. Bf2 Qc2 41. h6
Bh8 42. Re2 Qd1+ 43. Be1 Qd4+ 44. Kh2 a5 45. Bf2 Qc4 46. Bh4 Re8 47. Rf2 Bh7
48. Qh5 Rc8 49. Qg5 Re8 50. Qh5 Rc8 51. Qg5 Re8 52. Nh5 Bf5 53. Nf6 Bg6 54.
Nxe8 Bxe5+ 55. Bg3 Bxg3+ 56. Qxg3 Kxe8 57. Rd2 Qc8 58. Qe5 Ke7 59. Qd6+ Kf6 60.
Rf2+ Bf5 61. Qd4+ Ke7 62. Rxf5 1-0

[Event "Asuncion Roggio Cup-A 3rd"]
[Site "Asuncion"]
[Date "2010.05.25"]
[Round "5"]
[White "Delgado Ramirez, Neuris"]
[Black "Rozentalis, Eduardas"]
[Result "0-1"]
[WhiteElo "2595"]
[BlackElo "2618"]
[PlyCount "106"]
[EventDate "2010.05.20"]
[EventType "tourn"]
[EventRounds "9"]
[EventCountry "PAR"]
[EventCategory "11"]
[SourceTitle "CBM 137"]
[Source "ChessBase"]
[SourceDate "2010.07.15"]
[SourceVersion "1"]
[SourceVersionDate "2010.07.15"]
[SourceQuality "1"]

1. e4 e6 2. Qe2 Nf6 3. e5 Nd5 4. Nc3 Nc6 5. Nf3 Be7 6. d4 d6 7. Bd2 dxe5 8.
dxe5 Ncb4 9. Nxd5 Qxd5 10. c4 Qd7 11. Bc3 c5 12. a3 Nc6 13. Qe3 b6 14. Bd3 Bb7
15. O-O-O Qc7 16. Be4 Na5 17. Bxa5 bxa5 18. Rd2 Rb8 19. Rhd1 Qb6 20. Bxb7 Rxb7
21. Qc3 O-O 22. Rd7 Rfb8 23. Rxb7 Rxb7 24. Nd2 f5 25. Kc2 a4 26. f3 Rd7 27. f4
Rd4 28. Qf3 Qa6 29. g3 h6 30. Qf1 Qb7 31. Kc1 g5 32. Nb1 Rxd1+ 33. Qxd1 gxf4
34. gxf4 Qg2 35. Qd2 Qh1+ 36. Kc2 Qe4+ 37. Kc1 Qh1+ 38. Kc2 Qe4+ 39. Kc1 Qxc4+
40. Nc3 h5 41. Qg2+ Kf7 42. Qf3 h4 43. Kb1 h3 44. Qh5+ Kf8 45. Qh8+ Kf7 46.
Qh5+ Kg7 47. Qe8 Bh4 48. Qd7+ Kf8 49. Nb5 Qe4+ 50. Kc1 Qxf4+ 51. Kd1 Qf3+ 52.
Kc2 Qe4+ 53. Kd2 Qd5+ 0-1

[Event "Asuncion Roggio Cup-A 3rd"]
[Site "Asuncion"]
[Date "2010.05.26"]
[Round "6"]
[White "Cubas, Jose Fernando"]
[Black "Delgado Ramirez, Neuris"]
[Result "1-0"]
[WhiteElo "2462"]
[BlackElo "2595"]
[PlyCount "69"]
[EventDate "2010.05.20"]
[EventType "tourn"]
[EventRounds "9"]
[EventCountry "PAR"]
[EventCategory "11"]
[SourceTitle "CBM 137"]
[Source "ChessBase"]
[SourceDate "2010.07.15"]
[SourceVersion "1"]
[SourceVersionDate "2010.07.15"]
[SourceQuality "1"]

1. e4 c5 2. Nf3 d6 3. d4 cxd4 4. Nxd4 Nf6 5. Nc3 Nc6 6. f3 e5 7. Nb3 Be7 8. Be3
O-O 9. Qd2 Be6 10. Nd5 Bxd5 11. exd5 Nb8 12. Be2 Nbd7 13. Na5 Qc7 14. O-O Bd8
15. b4 Qb8 16. Nb3 Bb6 17. Bxb6 Nxb6 18. c4 Nc8 19. f4 e4 20. g4 Qc7 21. g5 Nd7
22. Rac1 Ne7 23. Nd4 a5 24. a3 axb4 25. axb4 Qb6 26. Kh1 Ra4 27. Qc2 Rxb4 28.
Qxe4 Qd8 29. f5 Re8 30. Qf4 Qb6 31. g6 Nf6 32. gxf7+ Kxf7 33. Ne6 Rg8 34. Qg5
Ke8 35. Nxg7+ 1-0

[Event "Asuncion Roggio Cup-A 3rd"]
[Site "Asuncion"]
[Date "2010.05.27"]
[Round "7"]
[White "Delgado Ramirez, Neuris"]
[Black "Kropff, Ricardo"]
[Result "1-0"]
[WhiteElo "2595"]
[BlackElo "2300"]
[PlyCount "57"]
[EventDate "2010.05.20"]
[EventType "tourn"]
[EventRounds "9"]
[EventCountry "PAR"]
[EventCategory "11"]
[SourceTitle "CBM 137"]
[Source "ChessBase"]
[SourceDate "2010.07.15"]
[SourceVersion "1"]
[SourceVersionDate "2010.07.15"]
[SourceQuality "1"]

1. e4 c6 2. d4 d5 3. e5 Bf5 4. Ne2 e6 5. Ng3 Bg6 6. h4 h5 7. Be2 Be7 8. Nxh5
Bxh5 9. Bxh5 g6 10. Be2 Rxh4 11. Rxh4 Bxh4 12. Nd2 Be7 13. Nb3 Nd7 14. Be3 Qc7
15. f4 O-O-O 16. Qd2 c5 17. dxc5 Nxc5 18. Qc3 Ne4 19. Qxc7+ Kxc7 20. O-O-O Bh4
21. Nd4 a6 22. Rh1 Bg3 23. Rh7 Rd7 24. Bg4 Nf2 25. Bf3 Ne4 26. Bxe4 dxe4 27. c3
g5 28. Rg7 Nh6 29. Rxg5 1-0

[Event "Asuncion Roggio Cup-A 3rd"]
[Site "Asuncion"]
[Date "2010.05.28"]
[Round "8"]
[White "Zambrana, Oswaldo"]
[Black "Delgado Ramirez, Neuris"]
[Result "0-1"]
[WhiteElo "2504"]
[BlackElo "2595"]
[PlyCount "78"]
[EventDate "2010.05.20"]
[EventType "tourn"]
[EventRounds "9"]
[EventCountry "PAR"]
[EventCategory "11"]
[SourceTitle "CBM 137"]
[Source "ChessBase"]
[SourceDate "2010.07.15"]
[SourceVersion "1"]
[SourceVersionDate "2010.07.15"]
[SourceQuality "1"]

1. e4 c5 2. Nf3 d6 3. d4 cxd4 4. Nxd4 Nf6 5. Nc3 Nc6 6. Bg5 e6 7. Qd2 Be7 8.
O-O-O O-O 9. f3 Nxd4 10. Qxd4 a6 11. h4 b5 12. Kb1 Bb7 13. Qd2 Rc8 14. Ne2 Re8
15. Nd4 Nd7 16. Bxb5 axb5 17. Nxb5 d5 18. Nd6 Bxd6 19. Bxd8 Rexd8 20. Qe2 Be5
21. exd5 Bxd5 22. Rxd5 exd5 23. Rd1 Bf6 24. Rxd5 Re8 25. Qf2 Nb6 26. Rd6 Be5
27. Rxb6 Bd4 28. Qf1 Bxb6 29. c3 Bd8 30. Qf2 Bf6 31. Kc2 h6 32. g3 Rc6 33. a3
Rce6 34. Kd1 Rb8 35. Kc1 Reb6 36. Qc2 g6 37. b4 Ra8 38. Qb3 Rba6 39. Kb2 Rc6
0-1

[Event "Asuncion Roggio Cup-A 3rd"]
[Site "Asuncion"]
[Date "2010.05.29"]
[Round "9"]
[White "Delgado Ramirez, Neuris"]
[Black "Mareco, Sandro"]
[Result "1/2-1/2"]
[WhiteElo "2595"]
[BlackElo "2535"]
[PlyCount "122"]
[EventDate "2010.05.20"]
[EventType "tourn"]
[EventRounds "9"]
[EventCountry "PAR"]
[EventCategory "11"]
[SourceTitle "CBM 137"]
[Source "ChessBase"]
[SourceDate "2010.07.15"]
[SourceVersion "1"]
[SourceVersionDate "2010.07.15"]
[SourceQuality "1"]

1. e4 c5 2. Nf3 d6 3. Bb5+ Nd7 4. c3 Ngf6 5. Qe2 a6 6. Ba4 b5 7. Bc2 e5 8. O-O
Be7 9. a4 b4 10. d4 cxd4 11. cxd4 O-O 12. b3 Bb7 13. Bb2 exd4 14. Nxd4 Re8 15.
Nd2 Bf8 16. Nf5 g6 17. Ne3 Rc8 18. Rad1 Nc5 19. f3 d5 20. Ndc4 Ncd7 21. Kh1 Bc5
22. exd5 Bxe3 23. Nxe3 Rxe3 24. Qxe3 Rxc2 25. Qd4 Bxd5 26. Ba1 Qb8 27. Qh4 Rc6
28. Rd4 a5 29. Rd3 Qc8 30. Qg5 Rc5 31. Bxf6 Qa6 32. Rfd1 Nxf6 33. h4 Qc6 34.
Qh6 Rc3 35. Qg5 Rxd3 36. Rxd3 Kg7 37. Qd2 h6 38. Qf4 Qc2 39. Qe3 h5 40. Kg1 Be6
41. Kh1 Kh7 42. Rd6 Qb2 43. Qc5 Qxb3 44. Qxa5 Qc3 45. Kh2 Qc4 46. Rb6 Qxh4+ 47.
Kg1 b3 48. Qb4 Qg5 49. Rb5 Qe3+ 50. Kh2 Nd7 51. a5 Ne5 52. Kg3 g5 53. Qe4+ Qxe4
54. fxe4 Bc4 55. Rb6 Kg7 56. Kf2 h4 57. Ke3 g4 58. Kf4 h3 59. gxh3 gxh3 60. Kg3
Nd3 61. a6 Bxa6 1/2-1/2